[Event "Wch Seniors 50 30th"]
[Site "Assisi"]
[Date "2022.11.16"]
[Round "2"]
[White "Balzer, Lars"]
[Black "Arakhamia Grant, Ketevan"]
[Result "0-1"]
[WhiteElo "2020"]
[BlackElo "2327"]
[PlyCount "64"]
[EventDate "2022.11.15"]
[EventType "swiss"]
[EventRounds "11"]
[EventCountry "ITA"]
[SourceTitle "CBM 211 Extra"]
[Source "ChessBase"]
[SourceDate "2023.01.31"]
[SourceVersion "1"]
[SourceVersionDate "2023.01.31"]
[SourceQuality "1"]

1. e4 c5 2. Nc3 Nc6 3. g3 g6 4. Bg2 Rb8 5. d3 b5 6. Be3 d6 7. Qd2 Bg7 8. Nf3 b4 9. Nd1 e5 10. c3 Nf6 11. Bh6 0-0 12. Bxg7 Kxg7 13. c4 Bg4 14. Nh4 Bxd1 15. Rxd1 Nd4 16. 0-0 Ng8 17. f4 Ne7 18. f5 f6 19. fxg6 hxg6 20. Rf2 Nec6 21. Rdf1 Rb7 22. Qd1 Qc8 23. Bf3 Nxf3+ 24. Qxf3 Nd4 25. Qd1 Rbf7 26. Kg2 Rh8 27. Kh1 Qh3 28. Rg2 Qd7 29. Qd2 a5 30. Rgf2 a4 31. Qe3 Qh3 32. Kg1 Rxh4 0-1

[Event "EU-Cup (Women) 26th"]
[Site "Mayrhofen"]
[Date "2022.10.09"]
[Round "7.2"]
[White "Saduakassova, Dinara"]
[Black "Arakhamia Grant, Ketevan"]
[Result "1/2-1/2"]
[WhiteElo "2434"]
[BlackElo "2333"]
[PlyCount "89"]
[EventDate "2022.10.03"]
[EventType "team-swiss"]
[EventRounds "7"]
[EventCountry "AUT"]
[SourceTitle "CBM 210 Extra"]
[Source "ChessBase"]
[SourceDate "2022.11.30"]
[SourceVersion "1"]
[SourceVersionDate "2022.11.30"]
[SourceQuality "1"]
[WhiteTeam "Superbet ASE (W)"]
[BlackTeam "Wood Green (W)"]
[WhiteTeamCountry "ROU"]
[BlackTeamCountry "ENG"]

1. c4 g6 2. d4 Bg7 3. Nf3 d6 4. Nc3 Nd7 5. g3 e5 6. Bg2 Ne7 7. 0-0 0-0 8. b3 exd4 9. Nd5 Nxd5 10. cxd5 d3 11. Bg5 dxe2 12. Qxe2 Bf6 13. Qd2 Nc5 14. b4 Ne4 15. Bxf6 Nxf6 16. Rfc1 Re8 17. Rc4 Bg4 18. Rac1 Rc8 19. h3 Bxf3 20. Bxf3 Nd7 21. Bg2 a5 22. a3 axb4 23. axb4 Ne5 24. R4c3 h5 25. f4 Nd7 26. f5 Ne5 27. Rf1 Qf6 28. h4 c5 29. dxc6 bxc6 30. Be4 Qe7 31. fxg6 fxg6 32. Qh6 Qg7 33. Qxg7+ Kxg7 34. Rfc1 Rb8 35. Bxc6 Nxc6 36. Rxc6 Rxb4 37. Rxd6 Re2 38. Rd7+ Kh6 39. Rd3 Rbb2 40. Rf3 Rg2+ 41. Kf1 Rh2 42. Kg1 Rbg2+ 43. Kf1 Rb2 44. Kg1 Rbg2+ 45. Kf1 1/2-1/2

[Event "EU-Cup (Women) 26th"]
[Site "Mayrhofen"]
[Date "2022.10.08"]
[Round "6.3"]
[White "Arakhamia Grant, Ketevan"]
[Black "Cyfka, Karina"]
[Result "1/2-1/2"]
[WhiteElo "2333"]
[BlackElo "2347"]
[PlyCount "169"]
[EventDate "2022.10.03"]
[EventType "team-swiss"]
[EventRounds "7"]
[EventCountry "AUT"]
[SourceTitle "CBM 210 Extra"]
[Source "ChessBase"]
[SourceDate "2022.11.30"]
[SourceVersion "1"]
[SourceVersionDate "2022.11.30"]
[SourceQuality "1"]
[WhiteTeam "Wood Green (W)"]
[BlackTeam "Bydgoszcz Energia Gwiazda (W)"]
[WhiteTeamCountry "ENG"]
[BlackTeamCountry "POL"]

1. e4 e5 2. Nf3 Nc6 3. Bb5 a6 4. Ba4 d6 5. 0-0 Bd7 6. c3 g6 7. d4 Bg7 8. Re1 Nf6 9. Bg5 b5 10. Bb3 0-0 11. h3 h6 12. Bh4 Qe8 13. Nbd2 Nh5 14. Nf1 Na5 15. Bc2 Nc4 16. b3 Nb6 17. Ne3 Nf4 18. Bg3 Nh5 19. Bh2 exd4 20. cxd4 Bc6 21. Ng4 Qd8 22. Qd2 Kh7 23. Rac1 Bb7 24. d5 Nd7 25. Bb1 Rc8 26. Nd4 Nhf6 27. Nc6 Bxc6 28. Nxf6+ Bxf6 29. Rxc6 Nb8 30. Rc2 Nd7 31. Rc6 Nb8 32. Rc2 Nd7 33. Rec1 Re8 34. Bxd6 Rxe4 35. Rxc7 Rd4 36. Qe2 Rxc7 37. Bxc7 Qe7 38. Qxe7 Bxe7 39. Ba5 b4 40. g3 Rxd5 41. Bc7 Bc5 42. Bf4 Nf6 43. Kf1 Kg7 44. Ke2 g5 45. Bc7 Bd4 46. Rc6 Bc3 47. Bd3 Rd7 48. Bd6 a5 49. Ra6 Rd8 50. Bc7 Re8+ 51. Kf3 Re7 52. Bd6 Re1 53. Bf5 Rd1 54. Bc7 Bd4 55. Rxa5 Rd2 56. g4 Rxf2+ 57. Kg3 h5 58. gxh5 Nxh5+ 59. Kg4 Kh6 60. h4 gxh4 61. Kxh4 Rf3 62. Kg4 Rf1 63. Bd6 Rg1+ 64. Kf3 Rf1+ 65. Ke4 Bg7 66. Bh3 Re1+ 67. Kf3 Rd1 68. Ra6 Rd3+ 69. Kg2 Rd2+ 70. Kf1 Kg5 71. Bxb4 Ng3+ 72. Ke1 Rh2 73. Bc8 Ne4 74. Bb7 Nc3 75. Be7+ Kf5 76. Bc8+ Ke4 77. Bb7+ Kd3 78. Rd6+ Kc2 79. Bg5 Nxa2 80. Bd5 Nc3 81. Bxf7 Rh1+ 82. Kf2 Ne4+ 83. Kg2 Nxd6 84. Bg6+ Kxb3 85. Kxh1 1/2-1/2

[Event "EU-Cup (Women) 26th"]
[Site "Mayrhofen"]
[Date "2022.10.04"]
[Round "2.3"]
[White "Osmak, Iulija"]
[Black "Arakhamia Grant, Ketevan"]
[Result "1-0"]
[WhiteElo "2428"]
[BlackElo "2333"]
[PlyCount "53"]
[EventDate "2022.10.03"]
[EventType "team-swiss"]
[EventRounds "7"]
[EventCountry "AUT"]
[SourceTitle "CBM 210 Extra"]
[Source "ChessBase"]
[SourceDate "2022.11.30"]
[SourceVersion "1"]
[SourceVersionDate "2022.11.30"]
[SourceQuality "1"]
[WhiteTeam "Pamhagen (W)"]
[BlackTeam "Wood Green (W)"]
[WhiteTeamCountry "AUT"]
[BlackTeamCountry "ENG"]

1. d4 Nf6 2. c4 g6 3. Nc3 Bg7 4. e4 d6 5. Be2 0-0 6. Be3 e5 7. d5 Na6 8. g4 Nc5 9. f3 h5 10. h4 hxg4 11. b4 Na6 12. fxg4 Nxb4 13. h5 Nh7 14. Qd2 a5 15. g5 b6 16. 0-0-0 Qe7 17. Nf3 Rd8 18. Nh4 Nf8 19. Rdf1 Bd7 20. Bd1 Rdb8 21. h6 Bh8 22. h7+ Nxh7 23. Qh2 f5 24. gxf6 Bxf6 25. Nxg6 Qg7 26. Rhg1 Re8 27. Bh6 1-0

[Event "London Wood Green"]
[Site "London"]
[Date "2022.07.19"]
[Round "9"]
[White "Harvey, Marcus Ross"]
[Black "Arakhamia Grant, Ketevan"]
[Result "1-0"]
[WhiteElo "2454"]
[BlackElo "2335"]
[PlyCount "85"]
[EventDate "2022.07.14"]
[EventType "tourn"]
[EventRounds "9"]
[EventCountry "ENG"]
[EventCategory "6"]
[SourceTitle "CBM 209 Extra"]
[Source "ChessBase"]
[SourceDate "2022.09.30"]
[SourceVersion "1"]
[SourceVersionDate "2022.09.30"]
[SourceQuality "1"]

1. Nf3 g6 2. e4 Bg7 3. d4 d6 4. Bc4 Nf6 5. Qe2 0-0 6. e5 dxe5 7. dxe5 Nd5 8. h3 Nb6 9. Bb3 a5 10. a4 Nc6 11. 0-0 Nd4 12. Nxd4 Qxd4 13. Re1 Be6 14. c3 Qd7 15. Bc2 Bf5 16. Bb3 Be6 17. Bc2 Bf5 18. Bxf5 Qxf5 19. Nd2 Rad8 20. Nf3 Rd5 21. Be3 Qe6 22. Bf4 Qc6 23. Nd4 Qc4 24. Qf3 e6 25. Re4 Qc5 26. Nb3 Qe7 27. c4 Rd7 28. Nxa5 f5 29. exf6 Bxf6 30. Qb3 Bd4 31. Nxb7 Qh4 32. Qg3 Qxg3 33. Bxg3 Bxb2 34. Ra2 Rd1+ 35. Kh2 Bd4 36. Na5 c5 37. Rxe6 Ra8 38. Rxb6 Rxa5 39. Rb5 Ra6 40. a5 Re6 41. a6 Ree1 42. Bf4 Ra1 43. Rba5 1-0

[Event "London Menchik Memorial 1st"]
[Site "London"]
[Date "2022.06.22"]
[Round "5"]
[White "Arakhamia Grant, Ketevan"]
[Black "Toma, Katarzyna"]
[Result "0-1"]
[WhiteElo "2354"]
[BlackElo "2309"]
[PlyCount "102"]
[EventDate "2022.06.18"]
[EventType "tourn"]
[EventRounds "9"]
[EventCountry "ENG"]
[SourceTitle "CBM 209 Extra"]
[Source "ChessBase"]
[SourceDate "2022.09.30"]
[SourceVersion "1"]
[SourceVersionDate "2022.09.30"]
[SourceQuality "1"]

1. e4 c5 2. Nf3 d6 3. Bb5+ Nd7 4. c3 a6 5. Ba4 Ngf6 6. Bc2 c4 7. a4 Nc5 8. Qe2 d5 9. e5 Nfd7 10. 0-0 e6 11. b4 cxb3 12. Bd1 Qa5 13. Ba3 Nxa4 14. Bxf8 Kxf8 15. Bxb3 Ndc5 16. Bc2 b5 17. Ng5 h6 18. Qh5 Qc7 19. d4 g6 20. Qh3 Kg7 21. Nf3 Ne4 22. Bxa4 bxa4 23. Rxa4 Bd7 24. Ra3 Bb5 25. Re1 Qe7 26. Ra5 Rhc8 27. Nfd2 Qg5 28. Qe3 Qxe3 29. Rxe3 Rab8 30. f3 Nxd2 31. Nxd2 Bc4 32. Nxc4 Rxc4 33. Rxa6 Rb3 34. Ra2 Rbxc3 35. Rxc3 Rxc3 36. Rd2 g5 37. Kf2 h5 38. Ke2 Kg6 39. Ra2 h4 40. Rd2 Kf5 41. Kf2 Kf4 42. g3+ hxg3+ 43. hxg3+ Kf5 44. Kg2 Rb3 45. Ra2 Rd3 46. Ra4 g4 47. fxg4+ Kxg4 48. Kf2 Rxg3 49. Ke2 Kf4 50. Ra7 Ke4 51. Rxf7 Kxd4 0-1

[Event "London Menchik Memorial 1st"]
[Site "London"]
[Date "2022.06.20"]
[Round "3"]
[White "Schulze, Lara"]
[Black "Arakhamia Grant, Ketevan"]
[Result "1/2-1/2"]
[WhiteElo "2284"]
[BlackElo "2354"]
[PlyCount "55"]
[EventDate "2022.06.18"]
[EventType "tourn"]
[EventRounds "9"]
[EventCountry "ENG"]
[SourceTitle "CBM 209 Extra"]
[Source "ChessBase"]
[SourceDate "2022.09.30"]
[SourceVersion "1"]
[SourceVersionDate "2022.09.30"]
[SourceQuality "1"]

1. e4 c5 2. Nf3 Nc6 3. Bb5 e6 4. 0-0 Nge7 5. Re1 a6 6. Bf1 d5 7. exd5 Nxd5 8. d4 cxd4 9. Nxd4 Ndb4 10. Nxc6 Qxd1 11. Rxd1 Nxc6 12. Nd2 Be7 13. Nc4 0-0 14. Bf4 Bc5 15. a4 Nb4 16. c3 Nd5 17. Bd6 Bxd6 18. Nxd6 Rd8 19. Nxc8 Raxc8 20. g3 Kf8 21. Rd4 Ke7 22. Bg2 b6 23. Rad1 Nc7 24. Kf1 a5 25. Ke2 Rxd4 26. Rxd4 Ne8 27. Kd3 Nd6 28. h4 1/2-1/2